How disorted in Cuba's trade? Evidence and predictions from a gravity model
Guardat en:
| Autors principals: | , |
|---|---|
| Autor corporatiu: | |
| Format: | Llibre |
| Idioma: | anglès |
| Publicat: |
Santiago
ILADES
1995
|
| Col·lecció: | Investigación, ILADES, I-87
|
| Matèries: | |
| Etiquetes: |
Afegir etiqueta
Sense etiquetes, Sigues el primer a etiquetar aquest registre!
|
MARC
| LEADER | 00000nam a2200000 a 4500 | ||
|---|---|---|---|
| 001 | UCR8692 | ||
| 003 | CL-VaPUC | ||
| 008 | 980529e19950400CL |||||||||||||||||eng|d | ||
| 082 | 0 | 4 | |a 330.711 |b MON |2 21 |
| 100 | |a Montenegro, Claudio |e autor |9 410774 | ||
| 700 | 0 | |a Soto, Raimundo |e author |9 410775 | |
| 110 | 2 | |a Programa de Postgrado en Economía ILADES-Georgetown University |e author |9 410776 | |
| 245 | 1 | 0 | |a How disorted in Cuba's trade? Evidence and predictions from a gravity model |
| 300 | |a 27 p | ||
| 942 | |c BK | ||
| 945 | |d 19980529 00:00:00 |a crobeson | ||
| 260 | |a Santiago |b ILADES |c 1995 | ||
| 650 | 7 | |a EDUCACION DE POSTGRADO |2 CL-VaPUC |9 310729 | |
| 650 | 0 | |a Economía |9 255568 | |
| 650 | 0 | |a Comercio |9 255341 | |
| 650 | 0 | |a Modelos económicos |9 324997 | |
| 651 | 7 | |a CUBA |2 CL-VaPUC |9 255263 | |
| 583 | |a last modification |c 19980529 00:00:00 |k Rodrigo Vera | ||
| 490 | 0 | |a Investigación, ILADES, I-87 | |
| 999 | |c 270088 |d 270086 | ||